01231cam a22003494i 4500003000900000005001700009008004100026035001900067040003300086082001900119100003000138245014600168264005100314300002800365336002100393337002500414338002300439504002800462505028100490526001000771526001000781526001000791526001000801526000800811526000800819526000800827526000800835526000800843526000800851526000800859650001400867PE-LiUPU20250731172910.0150617s r 000 0 d a(Sirsi) a16855 aPE-LiUPUbspacPE-LiUPUerda04a253.7bB432211 aBeyerhaus, Peter,eautor.10aMissions: which way? :bHumanization or redemption /cForeword by Donald McGavran. Pref. by Harold Lindsell. Translated by Margaret Clarkson. 1aMichigan :bZondervan Publishing House,c1976. a120 páginas ;c20 cm. atext2rdacontent aunmediated2rdamedia avolume2rdacarrier aIncluye bibliografía.0 aThe crisis in the classical understanding of mission. -Three answers to crisis. -The "Ecumenical-evangelical" confrontation. -The necessity of a reciprocal corrective. -Where is the ecumenical missionary movement being taken?. -Implications for the German evangelical mission. aSEG42 aSEG41 aSEG40 aSEG39 aP94 aP87 aP86 aP85 aP77 aP76 aP3504aMisiones.